000 00272nam a2200109Ia 4500
001 1272367
005 20260417151427.0
008 260417s9999 xx 000 0 und d
020 _a9786255888488
245 0 _aİyi ki Varsın Dayı
_cCansu İrey
260 _bKetebe Çocuk
999 _c1272367
_d1272367